000 00958nam a2200349Ia 4500
003 OSt
005 20220912151319.0
006 a|||||r|||| 00| 0
007 ta
008 220909b |||||||| |||| 00| 0 eng d
020 _a981023208X (hbd)
024 _a6025
037 _bR B C,
037 _cTextual
040 _aCSL
_beng
_cCSL
041 _aeng
082 _aC51:8N, N8
100 _aPerinova Vlasta
245 0 _aPhase in optics
260 _aSingapore
_bWorld Scientific
_c1998
300 _aix,452p
490 _aWorld Scientific Series in contemporary chemical physics; 15
500 _aBibliographical references 415-441p; Index443-452p
650 _a Optics
650 _a Quantum
650 _a Radiation
650 _aPhysics
700 _a Luks Antonin
700 _a Perina Jan
942 _hC51:8N, N8
_cTEXL
_2CC
999 _c65818
_d65818